Faktory ovplývňujúce tvorbu finančného plánu diplomová práca

Salvato in:
Dettagli Bibliografici
Autore principale: Vašeková, Soňa
Ente Autore: Fakulta podnikového manažmentu EU. Katedra podnikových financií
Altri autori: Hyránek, Eduard, 1955-
Natura: Libro
Lingua:slovacco
Pubblicazione: Bratislava 2019
Tags: Aggiungi Tag
Nessun Tag, puoi essere il primo ad aggiungerne!!

MARC

LEADER 00000nbm a2200000 4500
001 0255487
005 20191122083807.9
041 0 |a slo 
044 |a SK 
245 1 0 |a Faktory ovplývňujúce tvorbu finančného plánu  |b diplomová práca  |c Soňa Vašeková ; školiteľ: Eduard Hyránek 
264 1 |a Bratislava  |c 2019 
300 |a 86 s. 
100 1 |a Vašeková, Soňa 
700 1 |a Hyránek, Eduard, 1955- 
710 2 |a Fakulta podnikového manažmentu EU. Katedra podnikových financií